[Event "AUTO-INT-1429"]
[Site "http://www.queenalice.com/game.php?id=643939"]
[Date "2009.8.28"]
[Round "1"]
[White "ladybird"]
[Black "mp3"]
[Result "0-1"]
[WhiteElo "1633"]
[BlackElo "1599"]

1. e4 e5 2. Nf3 d6 3. Bc4 h6 4. O-O Nf6 5. d4 exd4 6. Nxd4 Nxe4 7. Re1 Be7 8.
Rxe4 c6 9. Re1 d5 10. Bd3 O-O 11. Nc3 c5 12. Nf3 c4 13. Be2 Bg4 14. Qxd5 Qxd5
15. Nxd5 Bd6 16. Bxc4 a6 17. Nb6 Ra7 18. Be3 Bb4 19. c3 Be7 20. Nd7 Nxd7 21.
Bxa7 Bf6 22. Bd4 Bxf3 23. gxf3 Bd8 24. Rad1 Nb6 25. Bb3 Nd7 26. Bxg7 Kxg7 27.
Rxd7 b5 28. Re4 Bf6 29. Rg4+ Kh7 30. Bxf7 h5 31. Bg8+ Kh8 0-1

[Event "AUTO-INT-1429"]
[Site "http://www.queenalice.com/game.php?id=643940"]
[Date "2009.8.28"]
[Round "1"]
[White "mp3"]
[Black "ladybird"]
[Result "1-0"]
[WhiteElo "1616"]
[BlackElo "1616"]

1. d4 d5 2. Nc3 Nf6 3. Nf3 Bf5 4. e3 Nbd7 5. Bb5 a6 6. Bxd7+ Qxd7 7. Ne5 Qd8 8.
O-O e6 9. a4 Bd6 10. b3 O-O 11. Ne2 c5 12. c3 Qc7 13. Ng3 Bg6 14. Nxg6 hxg6 15.
Rb1 Rac8 16. Ba3 cxd4 17. Bxd6 Qxd6 18. cxd4 Rc7 19. f4 Rfc8 20. Ne2 Ne4 21. g3
Nc3 22. Nxc3 Rxc3 23. h4 Rxe3 24. Kg2 Qb4 25. Kf2 Rec3 26. Qd2 Rc2 27. Qxc2
Rxc2+ 28. Kf3 Qd2 29. Rf2 Qxf2+ 30. Kg4 f5+ 31. Kg5 1-0

[Event "AUTO-INT-1429"]
[Site "http://www.queenalice.com/game.php?id=643941"]
[Date "2009.8.28"]
[Round "1"]
[White "ladybird"]
[Black "denisaugusto09"]
[Result "0-1"]
[WhiteElo "1644"]
[BlackElo "1763"]

1. e4 e5 2. Nf3 Bd6 3. Bc4 Nf6 4. O-O Nxe4 5. Re1 Ng5 6. Nxe5 O-O 7. d4 Bxe5 8.
dxe5 Nc6 9. Nc3 a6 10. Qg4 h6 11. h4 d5 12. exd6 Bxg4 13. hxg5 hxg5 14. dxc7
Qxc7 15. Bxg5 Nd4 16. Bd3 Bf3 17. Re3 Qc6 18. gxf3 Nxf3+ 19. Kf1 Nxg5 20. Ne4
Nxe4 21. Bxe4 Qb5+ 22. Kg2 Qxb2 23. Rh1 g6 24. Reh3 Rae8 25. Bf3 Qxc2 26. Bd1
Qxa2 27. Bh5 Qd5+ 28. Kg3 Qg5+ 29. Kf3 f5 30. Rg3 Qd2 31. Rxg6+ Kh7 32. Rgg1
Qd5+ 33. Kf4 Qe4+ 34. Kg3 Rg8+ 35. Kh3 Rxg1 0-1

[Event "AUTO-INT-1429"]
[Site "http://www.queenalice.com/game.php?id=643942"]
[Date "2009.8.28"]
[Round "1"]
[White "denisaugusto09"]
[Black "ladybird"]
[Result "1-0"]
[WhiteElo "1742"]
[BlackElo "1657"]

1. e4 c5 2. Qf3 d6 3. Nc3 Nf6 4. Bc4 Nc6 5. Nd5 Nxd5 6. Bxd5 Ne5 7. Qb3 a6 8.
Nf3 Nxf3+ 9. Qxf3 e6 10. Bb3 Be7 11. d3 b5 12. Qg3 O-O 13. Bh6 Bf6 14. c3 b4 15.
cxb4 Bxb2 16. Rc1 cxb4 17. Rd1 Bc3+ 18. Rd2 Bxd2+ 19. Kxd2 Qf6 20. Bf4 Qc3+ 21.
Ke3 e5 22. Bh6 Qc5+ 23. Ke2 Qc3 24. Qxg7# 1-0

[Event "AUTO-INT-1429"]
[Site "http://www.queenalice.com/game.php?id=643943"]
[Date "2009.8.28"]
[Round "1"]
[White "ladybird"]
[Black "Los_magos_falkon"]
[Result "0-1"]
[WhiteElo "1600"]
[BlackElo "1657"]

1. e4 e5 2. Nf3 Nc6 3. Bc4 Nf6 4. Ng5 d5 5. exd5 Na5 6. Bb5+ Bd7 7. Qe2 Bd6 8.
Bxd7+ Qxd7 9. d4 O-O 10. dxe5 Bxe5 11. O-O Rae8 12. Qf3 h6 13. Nh3 Nc4 14. c3
Qxd5 15. Qxd5 Nxd5 16. Nd2 Ndb6 17. Nf3 Bf6 18. Nf4 Re4 19. Rb1 Ne5 20. Nd4 a6
21. f3 Rxf4 22. Bxf4 Nd3 23. Bxc7 Nc4 24. Rfd1 Ndxb2 25. Re1 b5 0-1

[Event "AUTO-INT-1429"]
[Site "http://www.queenalice.com/game.php?id=643944"]
[Date "2009.8.28"]
[Round "1"]
[White "Los_magos_falkon"]
[Black "ladybird"]
[Result "0-1"]
[WhiteElo "1633"]
[BlackElo "1629"]

1. e4 c5 2. Nf3 d6 3. d4 cxd4 4. Nxd4 Nf6 5. Nc3 a6 6. Bc4 e6 7. Bg5 Be7 8. Qd2
b5 9. Bd3 O-O 10. f4 Qc7 11. O-O Qb6 0-1

[Event "AUTO-INT-1430"]
[Site "http://www.queenalice.com/game.php?id=644657"]
[Date "2009.8.30"]
[Round "1"]
[White "therota2"]
[Black "ladybird"]
[Result "0-1"]
[WhiteElo "1546"]
[BlackElo "1645"]

1. c4 Nf6 2. Nc3 c5 3. e3 Nc6 4. Bd3 d6 5. e4 Bd7 6. Nf3 Bg4 7. Be2 e6 8. Qa4
Be7 9. O-O O-O 10. Bd3 Bxf3 11. gxf3 Ne5 12. Qc2 Nxf3+ 13. Kh1 Nd4 14. Qa4 e5
15. b4 cxb4 16. Qxb4 Qd7 17. Bb2 Qh3 18. Bc2 Nf3 19. Ne2 Qxh2# 0-1

[Event "AUTO-INT-1430"]
[Site "http://www.queenalice.com/game.php?id=644671"]
[Date "2009.8.30"]
[Round "1"]
[White "ladybird"]
[Black "Dean20"]
[Result "0-1"]
[WhiteElo "1564"]
[BlackElo "1696"]

1. e4 e5 2. Nf3 Nc6 3. Bc4 h6 4. O-O Nf6 5. d4 Bd6 6. dxe5 Nxe5 7. Nxe5 Bxe5 8.
f4 Bd6 9. e5 Bc5+ 10. Kh1 Ne4 11. Qd5 O-O 12. Qxe4 d6 13. Nc3 Re8 14. Bd2 dxe5
15. fxe5 Qxd2 16. Bxf7+ Kh8 17. Bxe8 Rb8 18. Rad1 Qg5 19. Nd5 c6 20. Nf4 Bf5 21.
Ng6+ Bxg6 0-1

[Event "AUTO-INT-1430"]
[Site "http://www.queenalice.com/game.php?id=644672"]
[Date "2009.8.30"]
[Round "1"]
[White "Dean20"]
[Black "ladybird"]
[Result "1-0"]
[WhiteElo "1703"]
[BlackElo "1539"]

1. e4 c5 2. c4 d6 3. Nc3 Nf6 4. Nf3 Nc6 5. d4 cxd4 6. Nxd4 Bg4 7. f3 Bh5 8. Qa4
Qc7 9. Nxc6 bxc6 10. Be3 e6 11. g4 Bg6 12. O-O-O Be7 13. h4 h6 14. Be2 O-O 15.
h5 Bh7 16. f4 Nxe4 17. Bd3 Nxc3 18. Bxh7+ Kxh7 19. Qc2+ Kg8 20. Qxc3 Bf6 21. Bd4
Bxd4 22. Rxd4 Rab8 23. g5 hxg5 24. fxg5 1-0